| 000 | 02025nam0a2200349 4500 | ||
|---|---|---|---|
| 001 | RU\NLR\BIBL_A\011765749 | ||
| 005 | 20180822150513.0 | ||
| 010 |
_a978-5-9890328-5-3 _9520 |
||
| 021 |
_aRU _bКН-П-18-049084 _9КН-П-18-3543 |
||
| 035 | _a(NLR Aleph) 011765749 | ||
| 035 | _a(RuMoRGB)009680916 | ||
| 090 |
_a11700547 _c11700547 |
||
| 100 | _a20180808d2018 k y0rusy50 ca | ||
| 101 | 0 | _arus | |
| 102 | _aRU | ||
| 105 | _aa j y | ||
| 200 | 1 |
_aУправление разработкой и внедрением нового продукта _eучебное пособие _fГ. Т. Пиканина, Е. С. Григорян, Е. А. Соколова _gМинистерство образования и науки РФ, Федеральное государственное бюджетное образовательное учреждение высшего образования "Пензенский государственный технологический университет" |
|
| 210 |
_aПенза _cПензГТУ _d2018 |
||
| 215 |
_a129 с. _cил., табл. _d21 |
||
| 320 | _aБиблиогр.: с. 124-126 | ||
| 606 | 1 |
_aМенеджмент инновационный _jУчебные издания для высших учебных заведений _2nlr_sh1 _2nlr_sh2 _3RU\NLR\AUTH\661262795 |
|
| 606 | 1 |
_aВнедрение передовой техники и технологии _jУчебные издания для высших учебных заведений _2nlr_sh1 _2nlr_sh2 _3RU\NLR\AUTH\66204285 |
|
| 686 | 1 | _aУ9(2)-55-21я73 | |
| 686 | 1 | _aУ5-55я73 | |
| 700 | 1 |
_aПиканина _bГ. Т. _gГалия Тагировна |
|
| 701 | 1 |
_aГригорян _bЕ. С. _gЕкатерина Сейрановна |
|
| 701 | 1 |
_aСоколова _bЕ. А. _cканд. экон. наук _gЕлена Александровна _3RU\NLR\AUTH\7763254 |
|
| 942 | _cBOOK | ||
| 980 | _aNBR | ||
| 980 | _aNB | ||